[Event "Barcelona Sant Marti op-B 23rd"]
[Site "Barcelona"]
[Date "2023.07.16"]
[Round "4"]
[White "Marques Soriano, Valentin"]
[Black "Cortes Ventura, Joaquim"]
[Result "0-1"]
[WhiteElo "1672"]
[BlackElo "1847"]
[PlyCount "78"]
[EventDate "2023.07.13"]
[EventType "swiss"]
[EventRounds "9"]
[EventCountry "ESP"]
[SourceTitle "CBM 215 Extra"]
[Source "ChessBase"]
[SourceDate "2023.09.30"]
[SourceVersion "1"]
[SourceVersionDate "2023.09.30"]
[SourceQuality "1"]

1. e4 c5 2. c3 d5 3. exd5 Qxd5 4. d4 cxd4 5. cxd4 Nc6 6. Nf3 Bg4 7. Be2 e6 8. 0-0 Nf6 9. Nc3 Qd7 10. Be3 Be7 11. Ne5 Bxe2 12. Qxe2 Qc7 13. Rad1 0-0 14. Bf4 Qa5 15. Rd2 Nb4 16. Nc4 Qf5 17. Bd6 Nbd5 18. Bxe7 Nxe7 19. Nd6 Qa5 20. Nxb7 Qb6 21. Nc5 Ned5 22. Nxd5 exd5 23. Qd1 Rfe8 24. Re1 Rxe1+ 25. Qxe1 Re8 26. Re2 Rxe2 27. Qxe2 Qb4 28. Nb3 Qa4 29. Qc2 h6 30. a3 Ne4 31. f3 Nd6 32. Qc3 Nc4 33. Kf2 Qb5 34. h3 Qb8 35. Qc2 a5 36. a4 Qb4 37. Nc5 Nxb2 38. Nd3 Qxd4+ 39. Kg3 Nxd3 0-1

[Event "Catalunya-chT Primera Gp1"]
[Site "Catalunya"]
[Date "2008.02.10"]
[Round "3"]
[White "Cortes Ventura, Joaquim"]
[Black "Camacho, Juan Carlos"]
[Result "1-0"]
[WhiteElo "1992"]
[BlackElo "2151"]
[PlyCount "111"]
[EventDate "2008.01.27"]
[EventType "team-tourn"]
[EventRounds "9"]
[EventCountry "ESP"]
[SourceTitle "EXT 2019"]
[Source "ChessBase"]
[SourceDate "2018.10.10"]
[SourceVersion "1"]
[SourceVersionDate "2018.10.10"]
[SourceQuality "1"]

1. d4 d5 2. Nf3 Nf6 3. c4 c6 4. Nc3 e6 5. g3 Be7 6. Bg2 0-0 7. 0-0 Nbd7 8. Qc2 Re8 9. b3 Bf8 10. Bb2 b6 11. Rfe1 Ba6 12. Nd2 Rc8 13. Rad1 c5 14. dxc5 Bxc5 15. e3 Bb4 16. a3 Bf8 17. Bf1 Qc7 18. Qb1 Bb7 19. Nb5 Qb8 20. Bg2 a6 21. Nd4 Nc5 22. cxd5 Nxd5 23. Ba1 Nf6 24. b4 Na4 25. Qb3 b5 26. N4f3 Qa8 27. Bxf6 gxf6 28. Nh4 Bxg2 29. Nxg2 Nc3 30. Ra1 Red8 31. Nf1 f5 32. Nf4 Ne4 33. Rac1 Ng5 34. e4 Rxc1 35. Rxc1 Qxe4 36. Rc3 Bg7 37. Re3 Qc6 38. h4 Ne4 39. Rd3 Bd4 40. Ne3 Nc3 41. Nc2 e5 42. Nxd4 exd4 43. Qc2 Re8 44. Qd2 Ne4 45. Qd1 Nc3 46. Qd2 Qh6 47. Rxd4 Nb1 48. Qc1 Qb6 49. Rd1 Nxa3 50. Qxa3 Re4 51. Qc3 Rc4 52. Qe5 Rc2 53. Qe8+ Kg7 54. Qe5+ Kg8 55. Nh3 Ra2 56. Qxf5 1-0

[Event "Castellar op 16th"]
[Site "Castellar"]
[Date "2007.07.20"]
[Round "5"]
[White "Cortes Ventura, Joaquim"]
[Black "Alcazar Pascual, Lluis"]
[Result "0-1"]
[WhiteElo "1993"]
[BlackElo "1975"]
[PlyCount "68"]
[EventDate "2007.07.13"]
[EventType "swiss"]
[EventRounds "9"]
[EventCountry "ESP"]
[SourceTitle "CBM 119 Extra"]
[Source "ChessBase"]
[SourceDate "2007.09.04"]
[SourceVersion "1"]
[SourceVersionDate "2007.09.04"]
[SourceQuality "1"]

1. d4 c5 2. d5 Nf6 3. c4 e6 4. Nc3 exd5 5. cxd5 d6 6. e4 g6 7. Nf3 Bg7 8. Be2 0-0 9. 0-0 Bg4 10. h3 Bxf3 11. Bxf3 Nfd7 12. Qb3 b6 13. Bf4 Ne5 14. Be2 a6 15. Bh2 b5 16. f4 Ned7 17. a4 c4 18. Qc2 b4 19. Nd1 c3 20. bxc3 a5 21. Rc1 Na6 22. Bxa6 Rxa6 23. cxb4 axb4 24. Nb2 b3 25. Qe2 Bxb2 26. Qxa6 Bxc1 27. Rxc1 Nc5 28. Qc4 Qa5 29. e5 b2 30. Rb1 Qxa4 31. Qxa4 Nxa4 32. f5 Rc8 33. Bf4 dxe5 34. Be3 Rd8 0-1

[Event "Catalunya-ch"]
[Site "Barcelona"]
[Date "2003.04.14"]
[Round "2"]
[White "Munoz Pantoja, Miguel Angel"]
[Black "Cortes Ventura, Joaquim"]
[Result "1-0"]
[WhiteElo "2470"]
[BlackElo "2110"]
[PlyCount "59"]
[EventDate "2003.04.13"]
[EventType "swiss"]
[EventRounds "9"]
[EventCountry "ESP"]
[SourceTitle "EXT 2004"]
[Source "ChessBase"]
[SourceDate "2003.11.25"]
[SourceVersion "1"]
[SourceVersionDate "2003.11.25"]
[SourceQuality "1"]

1. e4 c5 2. Nf3 e6 3. d4 cxd4 4. Nxd4 Nf6 5. Nc3 Nc6 6. Ndb5 d6 7. Bf4 e5 8. Bg5 a6 9. Bxf6 gxf6 10. Na3 f5 11. Nd5 b5 12. c3 Bg7 13. exf5 Bxf5 14. Nc2 0-0 15. Nce3 Be6 16. a4 bxa4 17. Rxa4 a5 18. Bc4 Rb8 19. b3 Kh8 20. 0-0 f5 21. f4 exf4 22. Nxf4 Bxc4 23. Nxc4 Qf6 24. Nd5 Qd8 25. Nce3 Qd7 26. Raf4 Qa7 27. Kh1 Bxc3 28. Rc4 f4 29. Ng4 f3 30. gxf3 1-0

[Event "Barcelona op"]
[Site "Barcelona"]
[Date "2002.10.04"]
[Round "1"]
[White "Cortes Ventura, Joaquim"]
[Black "Martinez Molina, Rafael"]
[Result "0-1"]
[WhiteElo "2125"]
[BlackElo "2285"]
[PlyCount "92"]
[EventDate "2002.10.14"]
[EventType "swiss"]
[EventRounds "8"]
[EventCountry "ESP"]
[SourceTitle "EXT 2004"]
[Source "ChessBase"]
[SourceDate "2003.11.25"]
[SourceVersion "1"]
[SourceVersionDate "2003.11.25"]
[SourceQuality "1"]

1. d4 b6 2. e4 e6 3. Bd3 Bb7 4. Nf3 c5 5. c3 Nf6 6. Qe2 cxd4 7. cxd4 Nc6 8. Nc3 Nb4 9. Bb5 a6 10. Ba4 b5 11. Bb3 d5 12. e5 Nd7 13. 0-0 Be7 14. Be3 Nc6 15. Nd2 Nb6 16. Qg4 g6 17. a4 b4 18. Ne2 Na5 19. Bc2 Rc8 20. Bd3 Nbc4 21. Nxc4 dxc4 22. Bc2 Qd7 23. h4 Bd5 24. Nf4 b3 25. Nxd5 exd5 26. Qxd7+ Kxd7 27. Bd1 h5 28. Bd2 Nc6 29. Bc3 Bxh4 30. f4 Ne7 31. Bf3 Ke6 32. g4 hxg4 33. Bxg4+ Nf5 34. Kg2 Rcg8 35. Bd2 Ke7 36. Bb4+ Kd8 37. Rf3 Be7 38. Ba5+ Ke8 39. Bxf5 gxf5+ 40. Rg3 Bh4 41. Rxg8+ Rxg8+ 42. Kh3 Bf2 43. Rf1 Bxd4 44. Rd1 Bxb2 45. Rxd5 Rg4 46. Rd8+ Ke7 0-1

[Event "Barcelona Rubi op 3rd"]
[Site "Barcelona"]
[Date "2002.??.??"]
[Round "2"]
[White "Cortes Ventura, Joaquim"]
[Black "Ferron Garcia, Carlos"]
[Result "0-1"]
[WhiteElo "2145"]
[BlackElo "2380"]
[PlyCount "48"]
[EventDate "2002.04.27"]
[EventType "swiss"]
[EventRounds "9"]
[EventCountry "ESP"]
[SourceTitle "CBM 088 Extra"]
[Source "ChessBase"]
[SourceDate "2002.07.01"]
[SourceVersion "2"]
[SourceVersionDate "2002.07.01"]
[SourceQuality "1"]

1. d4 d5 2. Nf3 Bf5 3. c4 e6 4. Nc3 Nf6 5. e3 c6 6. cxd5 exd5 7. Be2 Nbd7 8. 0-0 Bd6 9. Nh4 Bg6 10. f4 Ne4 11. Qe1 Be7 12. Nxg6 hxg6 13. Nxe4 dxe4 14. b4 Qb6 15. Bd2 Nf6 16. a4 a6 17. Qb1 0-0 18. b5 axb5 19. axb5 Rxa1 20. Qxa1 c5 21. Ba5 Qe6 22. Qc3 b6 23. dxc5 Bxc5 24. Rc1 Nd5 0-1

[Event "Barcelona Rubi op 3rd"]
[Site "Barcelona"]
[Date "2002.??.??"]
[Round "?"]
[White "Cortes Ventura, Joaquim"]
[Black "Valencia Jimenez, Jose"]
[Result "0-1"]
[WhiteElo "2069"]
[BlackElo "2151"]
[PlyCount "124"]
[EventDate "2002.04.27"]
[EventType "swiss"]
[EventRounds "9"]
[EventCountry "ESP"]
[SourceTitle "EXT 2003"]
[Source "ChessBase"]
[SourceDate "2002.11.25"]
[SourceVersion "1"]
[SourceVersionDate "2002.11.25"]
[SourceQuality "1"]

1. d4 c5 2. c3 Nf6 3. g3 e6 4. Bg2 d5 5. Nf3 Nc6 6. 0-0 Be7 7. Nbd2 0-0 8. dxc5 Bxc5 9. Nb3 Bb6 10. Qc2 e5 11. Bg5 h6 12. Bxf6 Qxf6 13. Rad1 Bf5 14. Qc1 Rfd8 15. c4 dxc4 16. Qxc4 Be6 17. Qb5 Rxd1 18. Rxd1 e4 19. Nfd2 Qxf2+ 20. Kh1 a6 21. Qh5 Rd8 22. Rf1 Qe3 23. Nxe4 a5 24. Qf3 Bxb3 25. axb3 Qxf3 26. Bxf3 Nd4 27. Nc3 Nxf3 28. Rxf3 Rd2 29. Rd3 Rxb2 30. Na4 Rb1+ 31. Kg2 Ba7 32. Rd8+ Kh7 33. Ra8 Bd4 34. Rxa5 Rxb3 35. Rd5 Rb4 36. Nc5 Bxc5 37. Rxc5 g5 38. Kf3 Kg6 39. g4 h5 40. h3 h4 41. Rd5 Rb1 42. Kg2 b5 43. e4 b4 44. Rd6+ Kg7 45. Rd5 b3 46. Rxg5+ Kf6 47. Rb5 b2 48. Kh2 Ke6 49. e5 Kd7 50. Rb6 Kc7 51. Rb3 Kc6 52. Kg2 Kd5 53. Rb5+ Kd4 54. g5 Kc3 55. e6 fxe6 56. g6 Rd1 57. g7 Rd8 58. Rb7 Rg8 59. Rc7+ Kb3 60. Rb7+ Kc3 61. Rc7+ Kd4 62. Rd7+ Ke5 0-1

[Event "Martorell op-B"]
[Site "Martorell"]
[Date "1997.??.??"]
[Round "6"]
[White "Raventos Margeli, Josep"]
[Black "Cortes Ventura, Joaquim"]
[Result "0-1"]
[WhiteElo "1855"]
[BlackElo "1980"]
[PlyCount "74"]
[EventDate "1997.09.??"]
[EventType "swiss"]
[EventRounds "8"]
[EventCountry "ESP"]
[SourceTitle "EXT 2003"]
[Source "ChessBase"]
[SourceDate "2002.11.25"]
[SourceVersion "1"]
[SourceVersionDate "2002.11.25"]
[SourceQuality "1"]

1. d4 Nf6 2. c4 g6 3. Nf3 c5 4. e3 Bg7 5. Nc3 cxd4 6. exd4 d5 7. Qb3 dxc4 8. Bxc4 0-0 9. 0-0 Nc6 10. Be3 Na5 11. Qb5 Nxc4 12. Qxc4 Be6 13. Qb4 b6 14. Rfd1 Nd5 15. Nxd5 Bxd5 16. Nd2 Qd7 17. f3 Rac8 18. b3 Rc6 19. Rac1 Rfc8 20. Nc4 a5 21. Qb5 Qe6 22. Kf2 Bxc4 23. bxc4 Qd6 24. c5 Qd5 25. Qc4 Qxc4 26. Rxc4 b5 27. Rc2 e6 28. Bf4 Rd8 29. Rcd2 Rd5 30. Bd6 Bf8 31. Bxf8 Kxf8 32. Ke3 Ke7 33. g4 f5 34. gxf5 exf5 35. f4 Re6+ 36. Kf3 Kd7 37. Rf1 Kc6 0-1